000
00363nam a2200133Ia 4500
003
GCL
008
140319s9999 xx 000 0 ara d
040
_a
GCL /
_c
GCL
082
0
4
_a
624.1
_b
ف ت
100
1
_a
فاروق عباس حيدر
245
1
0
_a
تخطيط المدن والقرى /
_c
فاروق عباس حيدر
300
_a
511 ص
490
_a
100 قصة
_v
0
999
_c
43328
_d
43328